| 000 | 00338nam a22001457a 4500 | ||
|---|---|---|---|
| 003 | SGT | ||
| 020 | _a978-81-277-6740-7 | ||
| 082 |
_a632.9 _bKHA |
||
| 100 | _aKHARE, B.P. | ||
| 245 | _aSTORED GRAIN PESTS AND THEIR MANAGEMENT | ||
| 260 |
_aDELHI _bKALYANI _c2019 |
||
| 300 | _a262 | ||
| 650 | _aTHEIR MANAGEMENT | ||
| 942 |
_2ddc _cBK _02 |
||
| 999 |
_c25670 _d25670 |
||